[Event "BL 8788 HSV-Erlangen"]
[Site "?"]
[Date "1987.??.??"]
[Round "?"]
[White "Chandler, M."]
[Black "Kuligowski, A."]
[Result "1-0"]
[WhiteElo "2575"]
[BlackElo "2415"]
[PlyCount "109"]
[EventDate "1987.??.??"]

1. e4 e5 2. Nf3 Nc6 3. Bb5 a6 4. Ba4 d6 5. Bxc6+ bxc6 6. d4 f6 7. Be3 Be6 8.
Nc3 Qb8 9. Qd3 Qb4 10. b3 Ne7 11. O-O h6 12. Nd2 g5 13. a3 Qb8 14. Ne2 Bg7 15.
Ng3 O-O 16. Nh5 Bh8 17. c4 Qe8 18. Ng3 f5 19. exf5 Nxf5 20. dxe5 Bxe5 21. Rae1
Nxg3 22. fxg3 Rxf1+ 23. Rxf1 Bf7 24. Nf3 Bg6 25. Qd2 Bg7 26. Bd4 c5 27. Bxg7
Kxg7 28. Qc3+ Kh7 29. g4 Qh8 30. Qd2 Qg7 31. b4 cxb4 32. axb4 Re8 33. h3 Re4
34. Rc1 Qf7 35. b5 axb5 36. cxb5 Rc4 37. Nd4 Rxc1+ 38. Qxc1 Bd3 39. Qe3 Qf1+
40. Kh2 Bxb5 41. Qe7+ Kg6 42. Qe4+ Kf7 43. Qd5+ Ke7 44. Nxb5 Qf4+ 45. Kg1 Qe3+
46. Kf1 Qc1+ 47. Kf2 Qf4+ 48. Ke2 c5 49. Qb7+ Kf6 50. Nc3 Qc4+ 51. Kd2 Qd4+ 52.
Kc2 c4 53. Qf3+ Ke7 54. Qf5 Kd8 55. Nd5 1-0

[Event "BL 8788 HSV-Erlangen"]
[Site "?"]
[Date "1987.??.??"]
[Round "?.3"]
[White "Huenerkopf, H."]
[Black "Wahls, M."]
[Result "0-1"]
[WhiteElo "2255"]
[BlackElo "2435"]
[PlyCount "58"]
[EventDate "1987.??.??"]

1. e4 c5 2. Nf3 e6 3. d4 cxd4 4. c3 dxc3 5. Nxc3 Nc6 6. Bc4 Bb4 7. O-O Nge7 8.
Nb5 a6 9. Nd6+ Bxd6 10. Qxd6 b5 11. Bb3 Bb7 12. Rd1 Na5 13. Bg5 Bxe4 14. Ne5
Nxb3 15. axb3 f6 16. Bxf6 gxf6 17. Nxd7 Bd5 18. Nxf6+ Kf7 19. Nd7 Nf5 20. Ne5+
Kg7 21. Qb4 Qg5 22. Ng4 Rhc8 23. h4 Qxh4 24. Qf4 Rf8 25. Rac1 Ra7 26. Rd3 h5
27. Rg3 Nxg3 28. Qd4+ e5 29. Qxe5+ Rf6 0-1

[Event "BL 8788 HSV-Erlangen"]
[Site "?"]
[Date "1987.??.??"]
[Round "?.5"]
[White "Ramos, D."]
[Black "Wegner, H."]
[Result "1/2-1/2"]
[WhiteElo "2310"]
[BlackElo "2370"]
[PlyCount "56"]
[EventDate "1987.??.??"]

1. d4 Nf6 2. Nf3 g6 3. Bf4 Bg7 4. e3 O-O 5. Be2 d6 6. h3 c5 7. O-O Qb6 8. b3
cxd4 9. exd4 d5 10. Nc3 Qd8 11. Ne5 b6 12. Bf3 Bb7 13. Re1 Nc6 14. Qd2 Rc8 15.
Rad1 e6 16. Nb1 Nd7 17. Nxc6 Bxc6 18. Nc3 b5 19. Ne2 a5 20. h4 b4 21. c3 bxc3
22. Nxc3 h5 23. Bg5 Qb6 24. Bh6 Kh7 25. Bxg7 Kxg7 26. Bxh5 Rh8 27. Bxg6 fxg6
28. Rxe6 Nf6 1/2-1/2

[Event "BL 8788 HSV-Erlangen"]
[Site "?"]
[Date "1987.??.??"]
[Round "?.8"]
[White "Michaelsen, N."]
[Black "Autenrieth, M."]
[Result "1-0"]
[WhiteElo "2205"]
[BlackElo "2355"]
[PlyCount "101"]
[EventDate "1987.??.??"]

1. d4 d6 2. c4 Nd7 3. Nc3 e5 4. Nf3 g6 5. e4 Bg7 6. Be2 Ngf6 7. O-O O-O 8. Re1
c6 9. Bf1 exd4 10. Nxd4 Ng4 11. h3 Qb6 12. hxg4 Bxd4 13. Qd2 Bg7 14. Qxd6 Ne5
15. Be3 Qxb2 16. Rec1 Nxg4 17. Rab1 Bxc3 18. Rxb2 Bxb2 19. Rb1 Nxe3 20. Rxb2
Nxf1 21. Kxf1 Be6 22. Rxb7 Bxc4+ 23. Kg1 Bxa2 24. Qxc6 a6 25. f4 Rfd8 26. Rd7
Rdc8 27. Rc7 Rd8 28. f5 gxf5 29. Qc2 Be6 30. exf5 Bd5 31. Rc3 Rd6 32. Qd2 Rad8
33. Qd4 f6 34. Rc7 Bf7 35. Qa7 Rf8 36. Qb7 Rd5 37. Rd7 Rxf5 38. Rxf7 Rxf7 39.
Qc8+ Kg7 40. Qxf5 Re7 41. Qg4+ Kf8 42. Qc8+ Kf7 43. Qxa6 Re5 44. Qc8 Kg6 45.
Qg8+ Kh6 46. Qf7 Rf5 47. g3 Rf3 48. Kg2 Rf5 49. Kh3 Rh5+ 50. Kg2 Kg5 51. Qg7+
1-0

[Event "BL 8788 Sindelfingen-München 36"]
[Site "?"]
[Date "1987.??.??"]
[Round "?.2"]
[White "Fahnenschmidt, G."]
[Black "Nikolac, J."]
[Result "1/2-1/2"]
[WhiteElo "2335"]
[BlackElo "2470"]
[PlyCount "71"]
[EventDate "1987.??.??"]

1. c4 c5 2. Nf3 b6 3. d4 cxd4 4. Nxd4 Bb7 5. Nc3 Nf6 6. f3 g6 7. e4 Bg7 8. Be2
O-O 9. O-O Nc6 10. Be3 d6 11. Qd2 Nd7 12. Nxc6 Bxc6 13. Bd4 Bxd4+ 14. Qxd4 Nc5
15. b4 e5 16. Qe3 Ne6 17. Bd3 Kh8 18. Ne2 f5 19. f4 g5 20. fxe5 f4 21. Qh3 Re8
22. exd6 Qxd6 23. e5 Qe7 24. Bg6 g4 25. Qh6 Rf8 26. Nc3 Ng5 27. Rae1 f3 28. Ne4
Qxb4 29. gxf3 gxf3 30. Kh1 Qd2 31. Rg1 f2 32. Bxh7 fxe1=Q 33. Bf5+ Kg8 34. Qg6+
Kh8 35. Qh6+ Kg8 36. Qg6+ 1/2-1/2

[Event "BL 8788 Sindelfingen-München 36"]
[Site "?"]
[Date "1987.??.??"]
[Round "?.3"]
[White "Bastian, H."]
[Black "Gruenenwald, J."]
[Result "1-0"]
[WhiteElo "2335"]
[BlackElo "2330"]
[PlyCount "53"]
[EventDate "1987.??.??"]

1. e4 e6 2. d4 d5 3. e5 c5 4. c3 Nc6 5. Nf3 Bd7 6. Be2 f6 7. O-O fxe5 8. Nxe5
Nxe5 9. dxe5 Qc7 10. f4 Nh6 11. Nd2 Nf5 12. Nf3 Be7 13. Bd3 Bc6 14. Qe2 g6 15.
Bd2 h5 16. Be1 O-O-O 17. Bf2 Kb8 18. Rab1 Ka8 19. b4 b6 20. a4 Bxa4 21. b5 c4
22. Bxf5 gxf5 23. Nd4 Qd7 24. Ra1 Bxb5 25. Qa2 Bc5 26. Nxb5 Rh7 27. Nxa7 1-0

[Event "BL 8788 Sindelfingen-München 36"]
[Site "?"]
[Date "1987.??.??"]
[Round "?.4"]
[White "Bialas, W."]
[Black "Kaiser, W."]
[Result "1-0"]
[WhiteElo "2360"]
[BlackElo "2355"]
[PlyCount "49"]
[EventDate "1987.??.??"]

1. g3 Nf6 2. Bg2 d5 3. Nf3 c6 4. d3 Bf5 5. O-O h6 6. b3 e6 7. Bb2 Be7 8. c4 O-O
9. Nbd2 a5 10. a3 Nbd7 11. Bc3 Bh7 12. Qc1 b5 13. b4 axb4 14. axb4 Qc7 15. Qb2
Ra4 16. Rxa4 bxa4 17. Ra1 Ra8 18. c5 Qb7 19. Qc2 Qa6 20. Nb3 e5 21. Na5 d4 22.
Bd2 Nd5 23. Qxa4 Bf6 24. Nxd4 Nxc5 25. Qxc6 1-0

[Event "BL 8788 Sindelfingen-München 36"]
[Site "?"]
[Date "1987.??.??"]
[Round "?.6"]
[White "Mohr, S."]
[Black "Goetz, R."]
[Result "1-0"]
[WhiteElo "2325"]
[BlackElo "2325"]
[PlyCount "73"]
[EventDate "1987.??.??"]

1. d4 Nf6 2. c4 c5 3. d5 d6 4. Nc3 g6 5. e4 Bg7 6. Be2 O-O 7. Bg5 Qa5 8. Bd2 e6
9. Nf3 Qd8 10. O-O Re8 11. h3 Na6 12. Bg5 h6 13. Be3 exd5 14. exd5 Ne4 15. Nxe4
Rxe4 16. Qd2 Kh7 17. Bd3 Re8 18. Rae1 Bd7 19. Bf4 Qf6 20. b3 Nc7 21. h4 Rxe1
22. Rxe1 Re8 23. Rb1 Bf5 24. Bxf5 Qxf5 25. Rc1 Bf8 26. Bg3 b6 27. b4 Qc8 28.
bxc5 bxc5 29. Qc2 Qd7 30. h5 Rb8 31. Re1 Re8 32. Rb1 Na8 33. Nh4 Qg4 34. Rb7
Re1+ 35. Kh2 Qxh5 36. Rxf7+ Bg7 37. Qb2 1-0

[Event "BL 8788 Sindelfingen-München 36"]
[Site "?"]
[Date "1987.??.??"]
[Round "?.7"]
[White "Koepf, U."]
[Black "Bauer, P."]
[Result "1/2-1/2"]
[WhiteElo "2230"]
[BlackElo "2300"]
[PlyCount "89"]
[EventDate "1987.??.??"]

1. Nf3 Nf6 2. d4 e6 3. g3 b6 4. Bg2 Bb7 5. O-O Be7 6. c4 O-O 7. Nc3 Ne4 8. Nxe4
Bxe4 9. Ne1 Bxg2 10. Nxg2 d5 11. Qd3 Nc6 12. Rd1 e5 13. Be3 exd4 14. Bxd4 Nxd4
15. Qxd4 Bf6 16. Qg4 Qc8 17. Qxc8 Raxc8 18. Rxd5 Bxb2 19. Rb1 Ba3 20. e4 Rfe8
21. f3 Kf8 22. Nf4 Red8 23. Rbd1 Ke8 24. Kf1 c6 25. R5d3 Rxd3 26. Rxd3 Be7 27.
Ke2 Rd8 28. Rxd8+ Kxd8 29. Kd3 Kc7 30. e5 Kd7 31. Ke4 f6 32. Nd3 fxe5 33. Kxe5
Bf6+ 34. Ke4 Kd6 35. f4 Bc3 36. g4 b5 37. c5+ Ke6 38. f5+ Ke7 39. Ne5 Bxe5 40.
Kxe5 a5 41. g5 a4 42. Kd4 h6 43. h4 hxg5 44. hxg5 Kd7 45. Kc3 1/2-1/2

[Event "BL 8788 München 36-Zähringen"]
[Site "?"]
[Date "1987.??.??"]
[Round "?.1"]
[White "Raupp, T."]
[Black "Smejkal, J."]
[Result "1/2-1/2"]
[WhiteElo "2300"]
[BlackElo "2515"]
[PlyCount "115"]
[EventDate "1987.??.??"]

1. d4 Nf6 2. Nf3 g6 3. g3 Bg7 4. c4 O-O 5. Bg2 d6 6. O-O Nc6 7. Nc3 a6 8. d5
Na5 9. Nd2 c5 10. Qc2 Rb8 11. b3 b5 12. Bb2 e5 13. Rae1 Nh5 14. Nd1 Bh6 15. e3
Bf5 16. e4 Bd7 17. Bc3 b4 18. Bb2 Nb7 19. f3 f5 20. exf5 gxf5 21. Nf2 Qc7 22.
Nd3 Rbe8 23. Re2 Nd8 24. Rfe1 Nf7 25. Qd1 Qd8 26. f4 e4 27. Nf2 Bg7 28. Nf1
Bxb2 29. Rxb2 Qf6 30. Rd2 Ng7 31. Ne3 h5 32. h4 a5 33. Nh3 a4 34. Qa1 Qxa1 35.
Rxa1 Ra8 36. Rb1 axb3 37. axb3 Ra3 38. Kf2 Rfa8 39. Ke1 Ra1 40. Rdb2 Rxb1+ 41.
Rxb1 Ra2 42. Nf2 Ne8 43. Bf1 Kg7 44. Be2 Kg6 45. Bd1 Nf6 46. Bc2 Nd8 47. Kd1
Nb7 48. Kc1 Na5 49. Rb2 Ra3 50. Nfd1 Nb7 51. Kb1 Nd8 52. Ra2 Rxa2 53. Kxa2 Nf7
54. Nf2 Nh6 55. Bd1 Nhg4 56. Bxg4 hxg4 57. Nh1 Nh5 58. Ng2 1/2-1/2

[Event "BL 8788 München 36-Zähringen"]
[Site "?"]
[Date "1987.??.??"]
[Round "?.3"]
[White "Schuh, H."]
[Black "Bastian, H."]
[Result "1-0"]
[WhiteElo "2320"]
[BlackElo "2335"]
[PlyCount "83"]
[EventDate "1987.??.??"]

1. d4 d5 2. c4 e6 3. Nc3 Be7 4. Nf3 Nf6 5. Bg5 h6 6. Bh4 O-O 7. e3 b6 8. Qb3
Bb7 9. Bxf6 Bxf6 10. cxd5 exd5 11. Rd1 Re8 12. a3 c6 13. Bd3 Ba6 14. Bxa6 Nxa6
15. Qa4 Qc8 16. O-O Qb7 17. Rc1 Re6 18. b4 b5 19. Qc2 Nc7 20. Nd2 Ne8 21. Nb3
Be7 22. Ne2 Qa6 23. Nf4 Rd6 24. Nd3 Bd8 25. Ne5 Rc8 26. Nc5 Qb6 27. Nxf7 Bf6
28. Qf5 Rcd8 29. Nxd6 Rxd6 30. Rc2 Qc7 31. Rfc1 Bg5 32. Qe5 Qf7 33. Nd3 Qg6 34.
Nf4 Bxf4 35. Qxf4 Nc7 36. Qg3 Qf6 37. Qe5 Qg6 38. Qe7 Ne8 39. Qxa7 Qe4 40. Qa8
Kh7 41. Rxc6 Rxc6 42. Qxc6 1-0

[Event "BL 8788 München 36-Zähringen"]
[Site "?"]
[Date "1987.??.??"]
[Round "?.4"]
[White "Kaiser, W."]
[Black "Siegel, G."]
[Result "1-0"]
[WhiteElo "2355"]
[BlackElo "2315"]
[PlyCount "55"]
[EventDate "1987.??.??"]

1. d4 Nf6 2. c4 c5 3. d5 e5 4. Nc3 d6 5. e4 Be7 6. h3 O-O 7. Bd3 Na6 8. Nf3 Nc7
9. Qe2 Rb8 10. Be3 Bd7 11. a3 Kh8 12. b4 b6 13. O-O Ng8 14. Rab1 g6 15. bxc5
bxc5 16. Rxb8 Qxb8 17. Rb1 Qd8 18. Rb7 f5 19. exf5 gxf5 20. Bxc5 e4 21. Nxe4
dxc5 22. d6 fxe4 23. Qxe4 Rf7 24. Ne5 Rg7 25. dxc7 Qc8 26. Nxd7 Bd6 27. Rb8
Qxc7 28. Rxg8+ 1-0

[Event "BL 8788 München 36-Zähringen"]
[Site "?"]
[Date "1987.??.??"]
[Round "?.6"]
[White "Pichler, J."]
[Black "Vatter, H."]
[Result "0-1"]
[WhiteElo "2320"]
[BlackElo "2270"]
[PlyCount "100"]
[EventDate "1987.??.??"]

1. e4 c5 2. Nf3 Nc6 3. d4 cxd4 4. Nxd4 g6 5. Nc3 Bg7 6. Nde2 d6 7. g3 Bg4 8.
Bg2 Nd4 9. O-O Bf3 10. Qd3 Nxe2+ 11. Nxe2 Bxg2 12. Kxg2 Nf6 13. Nf4 O-O 14. Bd2
Qd7 15. Rfe1 Rfc8 16. a4 Ng4 17. c3 Ne5 18. Qe2 Nc4 19. Bc1 e6 20. Rd1 Qc6 21.
f3 a6 22. Be3 Nxe3+ 23. Qxe3 Bh6 24. Qe2 Bxf4 25. gxf4 d5 26. Rd4 dxe4 27. fxe4
e5 28. fxe5 Re8 29. Rd5 Re7 30. Qf2 Rae8 31. Qd4 f6 32. Rd6 Qc8 33. Qd5+ Kh8
34. e6 Rxe6 35. Rxe6 Qxe6 36. Qxe6 Rxe6 37. Rd1 Rxe4 38. Rd8+ Kg7 39. Rd7+ Kh6
40. Rxb7 Rxa4 41. b4 g5 42. c4 a5 43. c5 axb4 44. Rb6 Kg6 45. c6 Ra2+ 46. Kf3
Rxh2 47. Rxb4 Rc2 48. Rb6 h5 49. Ke4 h4 50. Kd5 h3 0-1

[Event "BL 8788 München 36-Zähringen"]
[Site "?"]
[Date "1987.??.??"]
[Round "?.8"]
[White "Schmidt, G."]
[Black "Herbrechtsmeier, C."]
[Result "1/2-1/2"]
[WhiteElo "2255"]
[BlackElo "2305"]
[PlyCount "36"]
[EventDate "1987.??.??"]

1. d4 Nf6 2. c4 g6 3. Nc3 d5 4. Nf3 Bg7 5. Bg5 Ne4 6. cxd5 Nxg5 7. Nxg5 e6 8.
Qd2 h6 9. Nf3 exd5 10. e3 O-O 11. Be2 c6 12. O-O Qe7 13. Rfc1 Bf5 14. Bd3 Bxd3
15. Qxd3 Nd7 16. Rab1 a5 17. Na4 Rfc8 18. h3 Ra7 1/2-1/2

[Event "BL 8788 Zähringen-Bayern"]
[Site "?"]
[Date "1987.??.??"]
[Round "?.1"]
[White "Ribli, Z."]
[Black "Raupp, T."]
[Result "1/2-1/2"]
[WhiteElo "2595"]
[BlackElo "2300"]
[PlyCount "77"]
[EventDate "1987.??.??"]

1. Nf3 e6 2. g3 d5 3. Bg2 Nf6 4. O-O Be7 5. c4 dxc4 6. Qa4+ Nbd7 7. Qxc4 a6 8.
Qc2 Rb8 9. d4 b5 10. Bf4 Nd5 11. Nc3 Nxf4 12. gxf4 Bb7 13. Rfd1 O-O 14. Rac1
Bxf3 15. Bxf3 Bd6 16. e3 f5 17. a4 g5 18. axb5 axb5 19. fxg5 Qxg5+ 20. Kf1 b4
21. Na4 Kh8 22. Qc4 Rf6 23. Ke2 Rh6 24. Rh1 Qe7 25. h4 Nb6 26. Nxb6 Rxb6 27. h5
Rb8 28. Rhg1 Rf6 29. Rg2 Rff8 30. Rcg1 Rg8 31. d5 e5 32. e4 Rxg2 33. Rxg2 Rg8
34. Rxg8+ Kxg8 35. exf5 Qg5 36. Qe4 Qf4 37. Qd3 Kg7 38. Qb5 Qxf5 39. Qe8
1/2-1/2

[Event "BL 8788 Zähringen-Bayern"]
[Site "?"]
[Date "1987.??.??"]
[Round "?.2"]
[White "Kiefer, G."]
[Black "Kindermann, S."]
[Result "0-1"]
[WhiteElo "2220"]
[BlackElo "2490"]
[PlyCount "76"]
[EventDate "1987.??.??"]

1. e4 c5 2. Nf3 e6 3. d4 cxd4 4. Nxd4 Nf6 5. Nc3 d6 6. g4 h6 7. h4 Nc6 8. Rg1
h5 9. gxh5 Nxh5 10. Bg5 Nf6 11. Qd2 Qb6 12. Nb3 a6 13. O-O-O Qc7 14. Rg3 Bd7
15. Kb1 b5 16. Bg2 Rc8 17. Ne2 Ne5 18. Nbd4 Nc4 19. Qc1 b4 20. Re1 Qb6 21. Rd3
Ng4 22. Rf1 a5 23. Rg3 Nf6 24. Ka1 a4 25. f4 Nh5 26. Rgf3 f6 27. f5 e5 28. Ne6
Bxe6 29. fxe6 fxg5 30. Qxg5 Be7 31. Qg6+ Kd8 32. Rf7 Rc7 33. R7f5 a3 34. Rxh5
axb2+ 35. Kb1 Rxh5 36. Qxh5 Na3+ 37. Kxb2 Rxc2+ 38. Ka1 b3 0-1

[Event "BL 8788 Zähringen-Bayern"]
[Site "?"]
[Date "1987.??.??"]
[Round "?.4"]
[White "Siegel, G."]
[Black "Hickl, J."]
[Result "0-1"]
[WhiteElo "2315"]
[BlackElo "2455"]
[PlyCount "74"]
[EventDate "1987.??.??"]

1. c4 e5 2. Nc3 Nf6 3. g3 Be7 4. Bg2 O-O 5. Nf3 d6 6. O-O Re8 7. d4 Nbd7 8. Qc2
c6 9. Rd1 Bf8 10. dxe5 dxe5 11. Rb1 Qc7 12. b4 a5 13. a3 axb4 14. axb4 Nb6 15.
Nd2 Bg4 16. Nde4 Nxe4 17. Bxe4 g6 18. Bg2 Red8 19. Rxd8 Rxd8 20. Bg5 Be7 21.
Bxe7 Qxe7 22. c5 Nd7 23. Rd1 Nf6 24. h3 Bf5 25. Rxd8+ Qxd8 26. Qd1 Qd4 27. Qb3
Qd2 28. Kh2 Qe1 29. b5 Kg7 30. bxc6 bxc6 31. f3 Nh5 32. Ne4 Bxe4 33. fxe4 Qc1
34. Bf3 Qxc5 35. Bxh5 Qf2+ 36. Kh1 gxh5 37. Qc3 Qf1+ 0-1

[Event "BL 8788 Zähringen-Bayern"]
[Site "?"]
[Date "1987.??.??"]
[Round "?.5"]
[White "Hecht, H."]
[Black "Weindl, A."]
[Result "1/2-1/2"]
[WhiteElo "2445"]
[BlackElo "2295"]
[PlyCount "55"]
[EventDate "1987.??.??"]

1. e4 c5 2. Nf3 Nc6 3. Bb5 g6 4. O-O Bg7 5. Re1 Nf6 6. c3 O-O 7. h3 a6 8. Bxc6
bxc6 9. d4 cxd4 10. cxd4 d5 11. e5 Ne4 12. Nbd2 c5 13. Nxe4 dxe4 14. Rxe4 Bb7
15. Rh4 cxd4 16. Rxd4 Bxf3 17. Rxd8 Bxd1 18. Rxd1 Bxe5 19. Re1 Bf6 20. Rb1 Rfc8
21. Re2 Rc6 22. b3 e6 23. Bb2 Kg7 24. g3 Rac8 25. Bxf6+ Kxf6 26. Rbb2 h5 27. h4
e5 28. b4 1/2-1/2

[Event "BL 8788 Zähringen-Bayern"]
[Site "?"]
[Date "1987.??.??"]
[Round "?.6"]
[White "Vatter, H."]
[Black "Hertneck, G."]
[Result "0-1"]
[WhiteElo "2270"]
[BlackElo "2450"]
[PlyCount "76"]
[EventDate "1987.??.??"]

1. e4 e6 2. d4 d5 3. e5 c5 4. c3 Nc6 5. Nf3 Bd7 6. a3 Nge7 7. Be2 Nf5 8. dxc5
Bxc5 9. b4 Bb6 10. Bf4 Nce7 11. g4 Ng6 12. Bg5 Nfe7 13. Bd3 Qb8 14. Bxe7 Kxe7
15. Bxg6 fxg6 16. a4 Qf8 17. Qd3 Qf4 18. Rg1 a5 19. b5 Rac8 20. Nbd2 Rc7 21. c4
Rhc8 22. Rg3 Kf8 23. Kf1 Rxc4 24. Nxc4 Rxc4 25. Kg2 Kg8 26. h4 Rxa4 27. Rxa4
Qxa4 28. h5 Bxb5 29. Qb1 Qb4 30. Qxb4 axb4 31. hxg6 hxg6 32. Ng5 d4 33. Rb3 Ba5
34. Nxe6 d3 35. Rb1 Ba4 36. Kf3 Bc2 37. Rh1 b3 38. Ng5 b2 0-1

[Event "BL 8788 Zähringen-Bayern"]
[Site "?"]
[Date "1987.??.??"]
[Round "?.7"]
[White "Schlosser, P."]
[Black "Herbrechtsmeier, C."]
[Result "0-1"]
[WhiteElo "2375"]
[BlackElo "2305"]
[PlyCount "102"]
[EventDate "1987.??.??"]

1. Nf3 Nf6 2. c4 g6 3. g3 Bg7 4. Bg2 O-O 5. O-O d5 6. cxd5 Nxd5 7. Nc3 Nc6 8.
Qa4 Nb6 9. Qh4 e5 10. Qxd8 Rxd8 11. d3 Nd4 12. Nxd4 exd4 13. Ne4 h6 14. b4 Nd5
15. a3 a5 16. bxa5 Rxa5 17. Bb2 f5 18. Nd2 Nc3 19. Bf3 Rb5 20. Nc4 Be6 21. a4
Rb4 22. Bxc3 dxc3 23. Na5 Bd5 24. Bxd5+ Rxd5 25. Nc4 b6 26. Kg2 Rd8 27. Ne3 Ra8
28. Nd5 Rbxa4 29. Rac1 Ra3 30. Nxc7 R8a5 31. e4 Rb3 32. Rfe1 Rb2 33. Ne6 Raa2
34. Rf1 fxe4 35. Nxg7 Kxg7 36. Rxc3 e3 37. Kf3 Rxf2+ 38. Rxf2 exf2 39. Rc1 Rb2
40. Ke4 Re2+ 41. Kf3 Re1 42. Rc7+ Re7 43. Rxe7+ Kf6 44. Kxf2 Kxe7 45. Ke3 Kd6
46. Kd4 b5 47. Kc3 Ke5 48. d4+ Kd5 49. Kb4 Kxd4 50. Kxb5 Kd5 51. Kb4 Kd4 0-1

[Event "BL 8788 Bayern-Sindelfingen"]
[Site "?"]
[Date "1987.??.??"]
[Round "?.1"]
[White "Franke, H."]
[Black "Ribli, Z."]
[Result "0-1"]
[WhiteElo "2350"]
[BlackElo "2595"]
[PlyCount "110"]
[EventDate "1987.??.??"]

1. d4 Nf6 2. Nf3 e6 3. Bg5 c5 4. c3 cxd4 5. cxd4 Qb6 6. Qc2 Nc6 7. Bxf6 gxf6 8.
e3 d5 9. Nc3 Bd7 10. Be2 Rc8 11. O-O Ne7 12. Qb3 Qxb3 13. axb3 Nc6 14. Rfc1 Bd6
15. Na4 b6 16. Ba6 Rc7 17. Nc3 Na5 18. Nb5 Rxc1+ 19. Rxc1 Bb8 20. Nd2 Ke7 21.
Kf1 f5 22. g3 Rg8 23. Ke2 Nc6 24. Nc3 Nb4 25. Bb5 Na2 26. Nxa2 Bxb5+ 27. Kf3
Bd6 28. Nc3 Bd3 29. Kg2 f6 30. f4 Kd7 31. Kf2 Rc8 32. Ke1 a5 33. Nf3 h5 34. Kd2
Ba6 35. Ne1 Rh8 36. Nf3 Bb4 37. Kd1 Kd6 38. Na4 Rb8 39. Nc3 Kd7 40. Na4 Bb5 41.
Nc3 Bc6 42. Ne1 Rh8 43. Nf3 b5 44. Ne2 Bd6 45. Rc2 b4 46. Nc1 a4 47. bxa4 b3
48. Rg2 Bxa4 49. Nd2 Rb8 50. Nb1 Bb5 51. Nc3 Bc4 52. Kd2 Ra8 53. Nd3 Ra1 54.
Re2 Rh1 55. Rg2 Ke7 0-1

[Event "BL 8788 Bayern-Sindelfingen"]
[Site "?"]
[Date "1987.??.??"]
[Round "?.2"]
[White "Kindermann, S."]
[Black "Fahnenschmidt, G."]
[Result "1/2-1/2"]
[WhiteElo "2490"]
[BlackElo "2335"]
[PlyCount "101"]
[EventDate "1987.??.??"]

1. e4 c5 2. Nf3 d6 3. d4 cxd4 4. Nxd4 Nf6 5. Nc3 g6 6. Be2 Bg7 7. O-O O-O 8.
Kh1 Nc6 9. Nb3 Be6 10. f4 Rc8 11. Bf3 Nd7 12. Nd5 Nb6 13. c3 Nc4 14. Qe2 b5 15.
a4 a6 16. axb5 axb5 17. Rd1 Bd7 18. Nd4 Nxd4 19. cxd4 e6 20. Nb4 Ra8 21. Rxa8
Qxa8 22. b3 Na5 23. e5 d5 24. Qb2 Rc8 25. Bd2 Nc6 26. Ra1 Qb7 27. Nxc6 Qxc6 28.
Rc1 Qa8 29. Rxc8+ Qxc8 30. Bb4 Bf8 31. Bxf8 Kxf8 32. b4 Kg7 33. Be2 Qc7 34. Bd3
Qc8 35. Kg1 Qc7 36. Kf2 Qc8 37. Ke1 h6 38. g3 Qc7 39. Kd2 Qa7 40. Kc1 Qc7+ 41.
Kb1 Be8 42. Qa3 Bd7 43. Kb2 Be8 44. Qa6 Qb8 45. g4 Qd8 46. Bxb5 Qb8 47. Bxe8
Qxb4+ 48. Kc2 Qxd4 49. Qf1 Qe4+ 50. Kc1 Qe3+ 51. Kc2 1/2-1/2

[Event "BL 8788 Bayern-Sindelfingen"]
[Site "?"]
[Date "1987.??.??"]
[Round "?.3"]
[White "Gruenenwald, J."]
[Black "Bischoff, K."]
[Result "1/2-1/2"]
[WhiteElo "2330"]
[BlackElo "2460"]
[PlyCount "141"]
[EventDate "1987.??.??"]

1. d4 Nf6 2. c4 e6 3. Nf3 b6 4. a3 Ba6 5. Qc2 Bb7 6. Nc3 c5 7. e4 cxd4 8. Nxd4
Bc5 9. Nb3 Nc6 10. Bf4 d6 11. O-O-O e5 12. Bg5 h6 13. Bh4 a6 14. f3 Rc8 15. Kb1
Na5 16. Nxa5 bxa5 17. Bf2 Nd7 18. g3 Bxf2 19. Qxf2 Nc5 20. Bh3 Rb8 21. Qd2 Ke7
22. Qc2 Qb6 23. Ka2 Bc6 24. Nd5+ Bxd5 25. Rxd5 Qb3+ 26. Qxb3 Nxb3 27. Rhd1 Rhd8
28. Kb1 Nc5 29. Bf1 Rb3 30. Be2 a4 31. R1d2 Rb6 32. Bd1 Rdb8 33. Kc1 f6 34. Kb1
Rc6 35. Kc1 g6 36. Kb1 h5 37. Ka2 Rbc8 38. Kb1 Rb6 39. Ka2 Nb3 40. Rc2 Rc7 41.
Rc3 Nc5 42. Rc2 Rb8 43. Rc3 Rc6 44. Re3 Rb7 45. Rd2 Rcb6 46. Rc3 Rb8 47. Re3
Rf8 48. Rc3 g5 49. Re3 Rg8 50. Bc2 Rbb8 51. h3 h4 52. g4 Rb6 53. Bd1 Rgb8 54.
Kb1 R8b7 55. Rc3 Rc6 56. Bc2 Rc8 57. Bd1 Kd7 58. Bc2 Kc6 59. Bd1 Rd8 60. Bc2
Kb6 61. Bd1 Kc7 62. Be2 Rdb8 63. Bd1 Kd7 64. Re3 Ke6 65. Rc3 Ke7 66. Re3 Rc7
67. Rc3 Rb6 68. Bc2 Rb8 69. Bd1 Rbc8 70. Bc2 Rc6 71. Bd1 1/2-1/2

[Event "BL 8788 Bayern-Sindelfingen"]
[Site "?"]
[Date "1987.??.??"]
[Round "?.4"]
[White "Hickl, J."]
[Black "Runau, R."]
[Result "1-0"]
[WhiteElo "2455"]
[BlackElo "2335"]
[PlyCount "96"]
[EventDate "1987.??.??"]

1. e4 c5 2. Nc3 Nc6 3. f4 g6 4. Nf3 Bg7 5. Bb5 Nd4 6. O-O a6 7. Bd3 d6 8. Nxd4
cxd4 9. Ne2 Nf6 10. c3 e5 11. cxd4 exd4 12. Qa4+ Nd7 13. b4 O-O 14. Bb2 b5 15.
Qc2 Bb7 16. Rac1 Rc8 17. Qb1 Rxc1 18. Rxc1 Re8 19. Re1 Qa8 20. Ng3 h5 21. Nh1
Nb6 22. Nf2 Nc4 23. Bc1 f5 24. Re2 Ne3 25. dxe3 fxe4 26. Bc2 d3 27. Bb3+ Bd5
28. Re1 Bc4 29. Bb2 Bf8 30. Ba1 Re7 31. Qb2 Bg7 32. Qd2 Qf8 33. g4 d5 34. Kh1
Qe8 35. Bxg7 Rxg7 36. Qc3 Qe6 37. Rg1 h4 38. g5 Rd7 39. Qd4 Rc7 40. Bd1 Bxa2
41. Ng4 Qc6 42. Nf6+ Kf7 43. f5 Qc3 44. fxg6+ Kxg6 45. Bh5+ Kg7 46. Ne8+ Kf8
47. Qb6 Rc6 48. Qb7 d4 1-0

[Event "BL 8788 Bayern-Sindelfingen"]
[Site "?"]
[Date "1987.??.??"]
[Round "?.5"]
[White "Mohr, S."]
[Black "Hecht, H."]
[Result "0-1"]
[WhiteElo "2325"]
[BlackElo "2445"]
[PlyCount "86"]
[EventDate "1987.??.??"]

1. d4 Nf6 2. c4 e6 3. Nf3 b6 4. Bf4 Bb7 5. e3 d6 6. Nc3 Nbd7 7. h3 g6 8. Be2
Bg7 9. O-O O-O 10. Qc2 Qe7 11. b4 e5 12. Bh2 exd4 13. Nxd4 Ne5 14. Nb3 d5 15.
c5 Ne4 16. Nxe4 dxe4 17. Nd4 Bd5 18. Rac1 a5 19. b5 Rfe8 20. a4 Nd3 21. Bxd3
exd3 22. Qxd3 Rad8 23. Qc2 Qg5 24. Bg3 h5 25. h4 Qg4 26. Ne2 bxc5 27. f3 Qb4
28. Rb1 Qa3 29. e4 Ba2 30. Rbc1 c4 31. Nc3 Bb3 32. Qe2 Rd3 33. e5 Qc5+ 34. Kh1
Qd4 35. Ne4 Bxa4 36. Bf2 Qd5 37. Nc3 Rxc3 38. Rxc3 Rxe5 39. Qa2 Qxb5 40. Bd4
Bb3 41. Qd2 Rd5 42. Rcc1 Rxd4 43. Qe2 Rxh4+ 0-1

[Event "BL 8788 Bayern-Sindelfingen"]
[Site "?"]
[Date "1987.??.??"]
[Round "?.6"]
[White "Hertneck, G."]
[Black "Sieglen, J."]
[Result "1-0"]
[WhiteElo "2450"]
[BlackElo "2350"]
[PlyCount "77"]
[EventDate "1987.??.??"]

1. c4 g6 2. Nc3 Bg7 3. d4 Nf6 4. e4 d6 5. Be2 O-O 6. Nf3 e5 7. O-O Nc6 8. d5
Ne7 9. Ne1 Nd7 10. Be3 f5 11. f3 f4 12. Bf2 g5 13. Nb5 b6 14. b4 a6 15. Nc3 h5
16. Rc1 Rf6 17. Qc2 Rg6 18. c5 g4 19. cxd6 cxd6 20. Kh1 g3 21. Bg1 gxh2 22.
Bxh2 Bf6 23. Bd3 Bh4 24. Ne2 Ra7 25. Bxf4 exf4 26. Nxf4 Bg3 27. Nxg6 Nc5 28. f4
Nxg6 29. Nf3 Bg4 30. bxc5 bxc5 31. e5 Nxf4 32. Bf5 Rf7 33. Be6 Kg7 34. exd6
Bxf3 35. Rxf3 Qh4+ 36. Bh3 Nxh3 37. Rxf7+ Kxf7 38. Qf5+ Kg7 39. gxh3 1-0

[Event "BL 8788 Bayern-Sindelfingen"]
[Site "?"]
[Date "1987.??.??"]
[Round "?.7"]
[White "Bauer, P."]
[Black "Schlosser, P."]
[Result "0-1"]
[WhiteElo "2300"]
[BlackElo "2375"]
[PlyCount "68"]
[EventDate "1987.??.??"]

1. e4 c5 2. Nf3 d6 3. d4 cxd4 4. Nxd4 Nf6 5. Nc3 a6 6. Bg5 e6 7. f4 Qb6 8. Qd2
Qxb2 9. Rb1 Qa3 10. Be2 Nbd7 11. O-O Qc5 12. Kh1 Be7 13. f5 e5 14. Nb3 Qc7 15.
a4 b6 16. Qe3 Bb7 17. Nd2 O-O 18. Nc4 Rab8 19. Nxb6 Nxb6 20. Rxb6 d5 21. Bxf6
d4 22. Qg3 Bxf6 23. Rxf6 Qxc3 24. Bd3 Bxe4 25. Rxa6 Bxd3 26. Qxd3 Rfc8 27. Rd6
Qb4 28. Rd5 f6 29. a5 Rc3 30. Qa6 Qc4 31. Qe6+ Kh8 32. Rg1 Rxc2 33. a6 Rc1 34.
h3 Rxg1+ 0-1